00282nam a2200121Ia 4500008004100000100001800041245001600059260003400075300000900109650001800118942000700136999001700143190216s9999||||xx |||||||||||||| ||und|| aArthur Miller 0aAll My Sons bOxford University Pressc1974 a119p aEnglish Drama cBK c12608d12608